000
00211 a2200097 4500
001
52224
100
_a
Godwin G
245
_a
A Mother & Two Daughters
260
_a
London
_b
Pan Books
_c
090
_c
32887
_d
32887
942
_a
NUST-CAE
_c
M
_c
25432
999
_c
287297
_d
287297